The life story interview /
In this volume Atkinson shows the qualitative researcher how to prepare and conduct meaningful life story interviews and also places the life story interview in the wider research context. He deals with the issues of transciption and interpretation.
Saved in:
| Main Author: | |
|---|---|
| Format: | Book |
| Language: | English |
| Published: |
Thousand Oaks, Calif. :
Sage Publications,
c1998.
|
| Series: | Qualitative research methods ;
v. 44. |
| Subjects: | |
| Tags: |
Add Tag
No Tags, Be the first to tag this record!
|
| LEADER | 01478cam a2200325 a 4500 | ||
|---|---|---|---|
| 001 | 007733877-4 | ||
| 005 | 20170318020819.0 | ||
| 008 | 970805s1998 cau b 000 0 eng | ||
| 010 | |a 97033761 | ||
| 020 | |a 0761904271 (acid-free paper) | ||
| 020 | |a 076190428X (pbk. : acid-free paper) | ||
| 035 | 0 | |a ocm37451865 | |
| 040 | |a DLC |c DLC |d DLC | ||
| 050 | 0 | 0 | |a GR72.3 |b .A75 1998 |
| 082 | 0 | 0 | |a 808.5/43 |2 21 |
| 100 | 1 | |a Atkinson, Robert, |d 1945- | |
| 245 | 1 | 4 | |a The life story interview / |c Robert Atkinson. |
| 260 | |a Thousand Oaks, Calif. : |b Sage Publications, |c c1998. | ||
| 300 | |a vi, 97 p. ; |c 23 cm. | ||
| 490 | 1 | |a Qualitative research methods ; |v v. 44 | |
| 504 | |a Includes bibliographical references (p. 92-95). | ||
| 505 | 0 | |a 1. Contexts and Uses of Life Stories -- 2. Planning the Interview -- 3. Doing the Interview -- 4. Interpreting the Interview -- 5. Conclusion. | |
| 520 | 8 | |a In this volume Atkinson shows the qualitative researcher how to prepare and conduct meaningful life story interviews and also places the life story interview in the wider research context. He deals with the issues of transciption and interpretation. | |
| 650 | 0 | |a Storytelling. | |
| 650 | 0 | |a Autobiography. | |
| 650 | 0 | |a First person narrative. | |
| 776 | 0 | 8 | |i Online version: |a Atkinson, Robert, 1945- |t Life story interview. |d Thousand Oaks, Calif. : Sage Publications, ©1998 |w (OCoLC)645886263 |
| 830 | 0 | |a Qualitative research methods ; |v v. 44. | |
| 988 | |a 20020608 | ||
| 906 | |0 DLC | ||


